| 000 | 00834nam a2200265 a 4500 | ||
|---|---|---|---|
| 008 | |||
| 020 | _a0812277414 | ||
| 049 | _aMAIN | ||
| 090 |
_aHB99.7 _bWEI |
||
| 100 | 1 | _aWeintraub, Sidney. | |
| 245 | 1 | 0 |
_aKeynes, Keynesians, and Monetarists / _cSidney Weintraub... [et al.]. |
| 260 |
_a[Philadelphia] : _bUniversity of Pennsylvania Press, _c1978. |
||
| 300 |
_axv, 351 p. : _bill. ; _c21 cm. |
||
| 500 | _a"Parts of this book originally appeared as Keynes and the Monetarists." | ||
| 504 | _aIncludes bibliographical references. | ||
| 500 | _aIncludes index. | ||
| 650 | 0 | _aEconomics. | |
| 650 | 0 | _aKeynesian economics. | |
| 650 | 0 | _aMoney. | |
| 907 |
_a.b10035953 _b09-10-12 _c17-04-03 |
||
| 003 | |||
| 005 | 20230123133306.0 | ||
| 040 | _cNUST | ||
| 942 |
_cBOOKS _kHB99.7 _mWEI |
||
| 999 |
_c146060 _d146060 |
||